000 00508nam a2200169 4500
001 136665
003 ES-MaACL
005 20230906195209.0
007 t|
008 070214s1964 ag r ||||1| cat d
100 1 _aSagan, Françoise.
_9101401
245 1 0 _aBon día tristeza /
_cFrançoise Sagan ; traducció catalana de Joan Rossinyol.
260 _aBuenos Aires :
_bPlaza & Janés,
_c1964.
300 _a146 p. ;
_c18 cm.
700 1 _aRossinyol, Joan.
_999899
852 _aES-MaACL
_jC-25082
_bR.53795
999 _c136665
_d136665